LIBRARY & INFORMATION CENTRE, KCAET, TAVANUR

ONLINE PUBLIC ACCESS CATALOGUE (OPAC)

Wastewater reclamation and reuse / (Record no. 17701)

MARC details
000 -LEADER
fixed length control field 00414nam a22001577a 4500
003 - CONTROL NUMBER IDENTIFIER
control field OSt
008 - FIXED-LENGTH DATA ELEMENTS--GENERAL INFORMATION
fixed length control field 230522b |||||||| |||| 00| 0 eng d
041 ## - LANGUAGE CODE
Language code of text/sound track or separate title eng
082 ## - DEWEY DECIMAL CLASSIFICATION NUMBER
Classification number 628.11
Item number JAW/WA
245 ## - TITLE STATEMENT
Title Wastewater reclamation and reuse /
260 ## - PUBLICATION, DISTRIBUTION, ETC. (IMPRINT)
Place of publication New Delhi :
Year of publication 2010.
Name of publisher New Age International,
300 ## - PHYSICAL DESCRIPTION
Number of Pages 314 p.
700 ## - ADDED ENTRY--PERSONAL NAME
Personal name Jawad A sulaimi (ed.)
700 ## - ADDED ENTRY--PERSONAL NAME
Personal name Asano, Takashi (ed.)
942 ## - ADDED ENTRY ELEMENTS (KOHA)
Koha item type Books
Holdings
Withdrawn status Lost status Damaged status Collection code Home library Current library Shelving location Date acquired Source of acquisition Cost, normal purchase price Full call number Accession Number Koha item type
      General Books KAUAET KAUAET Scheme 31/03/2023 EEDEEYOU, Manjeri 750.00 628.11 JAW/WA BB 667 Book Bank scheme for SC students
        KAUAET KAUAET General Stacks 20/03/2024   750.00 628.11 JAW/WA 26195 Books
free website counter